000 00693nam a2200205 i 4500
001 79100
003 ES-MaACL
005 20250820142633.0
007 t|
008 041019s1965 sp a |||| | spa d
100 1 _aHempel, Rose.
_962498
245 1 3 _aEl grabado japonés
_b: paisajes, actores, cortesanas /
_cRose Hempel ; traducción de María Rosa Sanfeliú ; revisión, Teodoro Miciano.
260 _aMadrid :
_bDaimon,
_c[1965]
300 _a255 p. :
_bil. ;
_c19 cm.
650 7 _aGrabado japonés
_2embne
_9160387
700 1 _aSanfeliú, María Rosa.
_9103132
700 1 _aMiciano, Teodoro,
_d1903-1974
_980944
852 _aES-MaACL
_jC-33563
999 _c79100
_d79100